000 00284nam a2200121Ia 4500
008 241002s9999 xx 000 0 und d
082 _a808.84 JEA
100 _aJean-Paul, Sartre
245 0 _aEssays in Aesthetics
260 _aNew York:
_c1966
600 _aLiterature
942 _cUC
999 _c18555
_d18555